000 00896nam a2200253Ia 4500
003 OSt
005 20220925230705.0
006 a|||||r|||| 00| 0
007 ta
008 220923b |||||||| |||| 00| 0 eng d
020 _a9781780323978
_c1629.6500000000001
037 _bG-4419/13-14, 11/03/2014, Manohar Publishers & Distributors
_cGeneral Book
040 _aRTL
_cRTL
_beng
041 _2eng
_aeng
082 _aU287:(G:55), Q3
100 _aMachin Amanda
_9294149
245 0 _aNegotiating climate change
_b Radical democracy and the illusion of consensus
260 _aLondon
_bZed books
_c2013
300 _aviii,165p
_ccm.
500 _aGlossary:p 539-519; Bibliography chapterwise
650 _aSociology
942 _hU287:(G:55), Q3
_cGB
_2CC
999 _c586358
_d586358